[Event "37th Reykjavik op"]
[Site "Reykjavik ISL"]
[Date "2024.03.21"]
[Round "9.16"]
[White "Fernandez, Daniel Howard"]
[Black "Domalchuk-Jonasson, Aleksandr"]
[WhiteElo "2532"]
[BlackElo "2355"]
[Result "1-0"]
[EventDate "2024.03.15"]
[PlyCount "113"]

1. e4 {[%eval 13,0]} c6 {[%eval 24,0]} 2. Nf3 {[%eval 26,0]} d5 {[%eval 37,0]}
3. exd5 {[%eval 1,0]} cxd5 {[%eval 12,0]} 4. d4 {[%eval 22,0]} Nc6 {[%eval 1,0]
} 5. Bb5 {[%eval 0,0]} Nf6 {[%eval 17,0]} 6. O-O {[%eval 13,0]} Bg4 {[%eval 21,
0]} 7. h3 {[%eval 16,0]} Bxf3 {[%eval 19,0]} 8. Qxf3 {[%eval 14,0]} a6 {
[%eval 31,0]} 9. Bxc6+ {[%eval 33,0]} bxc6 {[%eval 23,0]} 10. Bg5 {[%eval 8,0]}
Ne4 {[%eval 13,0]} 11. Bf4 {[%eval 1,0]} e6 {[%eval 14,0]} 12. Nc3 {[%eval 13,
0]} Nxc3 {[%eval 67,0]} 13. Qxc3 {[%eval 68,0]} Rc8 {[%eval 63,0]} 14. Qg3 {
[%eval 73,0]} g6 {[%eval 64,0]} 15. Be5 {[%eval 33,0]} f6 {[%eval 36,0]} 16.
Bf4 {[%eval 8,0]} Kf7 {[%eval 34,0]} 17. Rfe1 {[%eval 14,0]} Bg7 $6 {[%eval 97,
0] Inaccuracy. c5 was best.} (17... c5 18. c3 cxd4 19. cxd4 Qb6 20. Rac1 Be7
21. Qd3 Rhd8 22. Rxc8 Rxc8 23. Bd2 Rc6 24. Bc3) 18. Qa3 {[%eval 77,0]} a5 {
[%eval 8,0]} 19. h4 $6 {[%eval 8,0] Inaccuracy. b4 was best.} (19. b4 Ra8 20.
Qc3 Re8 21. a4 e5 22. Be3 axb4 23. Qxb4 Qb8 24. Qc5 Qc7 25. Reb1 Ra5) 19... Re8
{[%eval 24,0]} 20. h5 {[%eval 2,0]} Qb6 {[%eval 3,0]} 21. Rad1 {[%eval 22,0]}
c5 {[%eval 1,0]} 22. c4 {[%eval 0,0]} cxd4 {[%eval 0,0]} 23. cxd5 {[%eval 0,0]}
e5 {[%eval 3,0]} 24. Bd2 {[%eval 4,0]} Rc5 $6 {[%eval 78,0] Inaccuracy. Qc5
was best.} (24... Qc5) 25. b4 {[%eval 78,0]} axb4 {[%eval 77,0]} 26. Qb3 {
[%eval 82,0]} Bf8 {[%eval 85,0]} 27. d6+ {[%eval 85,0]} Re6 {[%eval 74,0]} 28.
d7 {[%eval 21,0]} Qd8 {[%eval 21,0]} 29. Bxb4 {[%eval 25,0]} Rb5 {[%eval 24,0]}
30. Rxd4 {[%eval 17,0]} Rxb4 {[%eval 18,0]} 31. Rxb4 {[%eval 19,0]} Bxb4 {
[%eval 22,0]} 32. Qxb4 {[%eval 29,0]} Qxd7 {[%eval 24,0]} 33. a4 {[%eval 23,0]}
Kg7 {[%eval 26,0]} 34. a5 {[%eval 32,0]} Rd6 {[%eval 51,0]} 35. Qb3 {[%eval 3,
0]} Rd3 {[%eval 24,0]} 36. Qc2 {[%eval 24,0]} Rd2 {[%eval 48,0]} 37. Qc1 {
[%eval 17,0]} gxh5 {[%eval 2,0]} 38. a6 {[%eval 0,0]} Qd4 {[%eval 1,0]} 39. Rf1
{[%eval 1,0]} Ra2 {[%eval 1,0]} 40. Qb1 {[%eval 0,0]} Qd2 {[%eval 0,0]} 41.
Qb7+ {[%eval 2,0]} Kg6 {[%eval 7,0]} 42. a7 {[%eval 1,0]} Qa5 {[%eval 0,0]} 43.
Qe4+ {[%eval 0,0]} Kh6 $2 {[%eval 123,0] Mistake. Kg5 was best.} (43... Kg5 44.
f4+ Kh6 45. fxe5 Qxa7+ 46. Kh1 Rf2 47. Rxf2 Qxf2 48. e6 f5 49. Qe5 Qh4+ 50. Kg1
) 44. Qf3 $2 {[%eval 1,0] Mistake. Qf5 was best.} (44. Qf5) 44... Kg6 {[%eval
3,0]} 45. Qe4+ {[%eval 5,0]} Kh6 $2 {[%eval 118,0] Mistake. Kg5 was best.} (
45... Kg5 46. f4+ Kh6 47. fxe5 Qxa7+ 48. Kh1 Rf2 49. Rd1 Kg5 50. exf6 Qc7 51.
Rd5+ Kh6 52. Rf5) 46. Qf5 {[%eval 125,0]} Qb6 {[%eval 107,0]} 47. Rb1 {[%eval
101,0]} Qc6 {[%eval 123,0]} 48. Qd3 {[%eval 134,0]} Qa4 $4 {[%eval 406,0]
Blunder. Ra4 was best.} (48... Ra4 49. Qe3+ Kg7 50. Rb8 h4 51. Kh2 Qd5 52. Qh3
h6 53. Qe3 h3 54. Qg3+ Kh7 55. Qxh3) 49. Qd8 {[%eval 403,0]} Kg6 {[%eval 394,0]
} 50. Qg8+ {[%eval 421,0]} Kh6 {[%eval 418,0]} 51. Qf7 {[%eval 414,0]} Kg5 {
[%eval 401,0]} 52. Qg7+ {[%eval 398,0]} Kf5 {[%eval 428,0]} 53. Qxh7+ {[%eval
421,0]} Kg5 {[%eval 421,0]} 54. a8=R {[%eval 413,0]} Qxa8 {[%eval 403,0]} 55.
Rb7 {[%eval 368,0]} Qc8 $4 {[%eval 32762,0] Checkmate is now unavoidable. Ra1+
was best.} (55... Ra1+ 56. Kh2 Qxb7 57. Qxb7 Kg6 58. Qe4+ Kg7 59. Qf3 Ra2 60.
Qb7+ Kf8 61. Qb3 Ra1 62. Qf3) 56. Rg7+ {[%eval 32764,0]} Kf4 {[%eval 32764,0]}
57. g3+ {[%eval 32766,0]} 1-0

[Event "37th Reykjavik op"]
[Site "Reykjavik ISL"]
[Date "2024.03.21"]
[Round "9.17"]
[White "Karsten, Jan"]
[Black "Krzyzanowski, Marcin"]
[WhiteElo "2323"]
[BlackElo "2524"]
[Result "1/2-1/2"]
[EventDate "2024.03.15"]
[PlyCount "85"]

1. e4 {[%eval 13,0]} c5 {[%eval 33,0]} 2. Nf3 {[%eval 22,0]} d6 {[%eval 0,0]}
3. d4 {[%eval 18,0]} cxd4 {[%eval 13,0]} 4. Nxd4 {[%eval 27,0]} Nf6 {[%eval 3,
0]} 5. Nc3 {[%eval 21,0]} a6 {[%eval 24,0]} 6. Bg5 {[%eval 0,0]} Nbd7 {[%eval
18,0]} 7. Bc4 {[%eval 0,0]} Qb6 {[%eval 1,0]} 8. Bb3 {[%eval 32,0]} e6 {
[%eval 32,0]} 9. Bxf6 {[%eval 27,0]} Nxf6 {[%eval 26,0]} 10. Qd2 {[%eval 33,0]}
Be7 {[%eval 63,0]} 11. O-O-O {[%eval 57,0]} O-O {[%eval 97,0]} 12. f4 {[%eval
94,0]} Nd7 {[%eval 77,0]} 13. f5 {[%eval 57,0]} Nc5 {[%eval 32,0]} 14. fxe6 $6
{[%eval 28,0] Inaccuracy. g4 was best.} (14. g4 Bf6 15. Rhf1 Bd7 16. Kb1 a5 17.
a3 Nxb3 18. cxb3 Bc6 19. h4 Rae8 20. Ka2 Qxd4) 14... Nxb3+ {[%eval 31,0]} 15.
axb3 {[%eval 26,0]} fxe6 {[%eval 31,0]} 16. e5 {[%eval 38,0]} Qa5 {[%eval 2,0]}
17. Kb1 {[%eval 9,0]} Qxe5 {[%eval 8,0]} 18. Rhe1 {[%eval 12,0]} Qf6 {[%eval 1,
0]} 19. Qe2 {[%eval 23,0]} Re8 {[%eval 26,0]} 20. Nxe6 {[%eval 8,0]} Bxe6 {
[%eval 7,0]} 21. Qxe6+ {[%eval 8,0]} Qxe6 {[%eval 8,0]} 22. Rxe6 {[%eval 1,0]}
Bf8 {[%eval 9,0]} 23. Ree1 {[%eval 13,0]} g6 {[%eval 5,0]} 24. Nd5 {[%eval 0,0]
} Bg7 {[%eval 0,0]} 25. h3 {[%eval 0,0]} Re5 {[%eval 0,0]} 26. Rxe5 {[%eval 8,
0]} Bxe5 {[%eval 2,0]} 27. Rf1 {[%eval 23,0]} h5 {[%eval 3,0]} 28. c3 {[%eval
6,0]} Kg7 {[%eval 0,0]} 29. Kc2 {[%eval 0,0]} Re8 {[%eval 0,0]} 30. Kd3 {
[%eval 0,0]} g5 {[%eval 3,0]} 31. b4 {[%eval 0,0]} Kg6 {[%eval 0,0]} 32. g4 {
[%eval 0,0]} Bh8 {[%eval 52,0]} 33. b3 {[%eval 46,0]} hxg4 {[%eval 42,0]} 34.
hxg4 {[%eval 4,0]} Be5 {[%eval 7,0]} 35. c4 {[%eval 56,0]} Rh8 $6 {[%eval 112,
0] Inaccuracy. Bh2 was best.} (35... Bh2 36. Rf6+ Kg7 37. Rf5 Kg6 38. Rf1 Be5
39. Rf3 Kg7 40. Ne3 Bf4 41. Rh3 Rxe3+ 42. Rxe3) 36. Ne7+ {[%eval 116,0]} Kg7 {
[%eval 111,0]} 37. Nf5+ {[%eval 103,0]} Kg6 {[%eval 102,0]} 38. Ne7+ {[%eval
112,0]} Kg7 {[%eval 89,0]} 39. Ke4 {[%eval 61,0]} Rh2 {[%eval 102,0]} 40. Nf5+
{[%eval 117,0]} Kg6 {[%eval 123,0]} 41. c5 $6 {[%eval 46,0] Inaccuracy. Ne7+
was best.} (41. Ne7+ Kg7 42. Nf5+ Kg6 43. Kd5 Bc3 44. Nxd6 Rd2+ 45. Ke6 Re2+
46. Kd7 Rg2 47. Rc1 Bxb4) 41... Rg2 {[%eval 46,0]} 42. Kf3 {[%eval 0,0]} Rb2 {
[%eval 0,0]} 43. cxd6 {[%eval 0,0]} 1/2-1/2

[Event "37th Reykjavik op"]
[Site "Reykjavik ISL"]
[Date "2024.03.21"]
[Round "9.18"]
[White "Stefansson, Hannes"]
[Black "Ragnarsson, Dagur"]
[WhiteElo "2481"]
[BlackElo "2337"]
[Result "1/2-1/2"]
[EventDate "2024.03.15"]
[PlyCount "122"]

1. e4 {[%eval 13,0]} e6 {[%eval 0,0]} 2. d4 {[%eval 41,0]} d5 {[%eval 21,0]} 3.
Nc3 {[%eval 0,0]} Nf6 {[%eval 0,0]} 4. Bg5 {[%eval 8,0]} dxe4 {[%eval 28,0]} 5.
Nxe4 {[%eval 17,0]} Be7 {[%eval 17,0]} 6. Bxf6 {[%eval 9,0]} gxf6 {[%eval 34,0]
} 7. Nc3 {[%eval 9,0]} a6 {[%eval 33,0]} 8. g3 {[%eval 33,0]} Nc6 {[%eval 46,0]
} 9. Nge2 {[%eval 2,0]} e5 {[%eval 18,0]} 10. d5 {[%eval 17,0]} Na7 {[%eval 37,
0]} 11. Qd3 {[%eval 24,0]} Bg4 {[%eval 72,0]} 12. h3 {[%eval 67,0]} Bh5 {
[%eval 64,0]} 13. f4 {[%eval 82,0]} exf4 {[%eval 68,0]} 14. gxf4 {[%eval 49,0]}
Bxe2 {[%eval 72,0]} 15. Bxe2 {[%eval 73,0]} Qd6 {[%eval 77,0]} 16. Qe3 {
[%eval 38,0]} Qc5 {[%eval 42,0]} 17. Qxc5 {[%eval 46,0]} Bxc5 {[%eval 43,0]}
18. Ne4 {[%eval 53,0]} Be7 {[%eval 33,0]} 19. Rg1 {[%eval 1,0]} Nb5 {[%eval 17,
0]} 20. Bxb5+ {[%eval 1,0]} axb5 {[%eval 12,0]} 21. Ke2 {[%eval 5,0]} Ra4 {
[%eval 31,0]} 22. Kf3 {[%eval 21,0]} f5 {[%eval 25,0]} 23. Ng3 {[%eval 29,0]}
h5 $6 {[%eval 119,0] Inaccuracy. Bd6 was best.} (23... Bd6 24. Nh5) 24. Nxf5 {
[%eval 134,0]} Bf6 {[%eval 157,0]} 25. c3 $6 {[%eval 54,0] Inaccuracy. Rge1+
was best.} (25. Rge1+) 25... b4 {[%eval 48,0]} 26. cxb4 {[%eval 56,0]} Bxb2 {
[%eval 109,0]} 27. Rae1+ {[%eval 113,0]} Kd8 {[%eval 89,0]} 28. Rg2 $6 {
[%eval 24,0] Inaccuracy. d6 was best.} (28. d6) 28... Bf6 $6 {[%eval 99,0]
Inaccuracy. Bc3 was best.} (28... Bc3) 29. Rc2 $6 {[%eval 9,0] Inaccuracy. d6
was best.} (29. d6 Kd7) 29... Rxb4 {[%eval 59,0]} 30. Rec1 {[%eval 54,0]} Bb2 {
[%eval 65,0]} 31. Rb1 {[%eval 85,0]} Ba3 {[%eval 7,0]} 32. Rxb4 {[%eval 53,0]}
Bxb4 {[%eval 56,0]} 33. Rb2 {[%eval 67,0]} Bc5 {[%eval 87,0]} 34. Rxb7 {
[%eval 58,0]} Kd7 {[%eval 82,0]} 35. Rb5 {[%eval 112,0]} Bd6 $2 {[%eval 255,0]
Mistake. Bg1 was best.} (35... Bg1 36. a4) 36. a4 {[%eval 203,0]} Rg8 {[%eval
268,0]} 37. Ng3 $2 {[%eval 136,0] Mistake. Nd4 was best.} (37. Nd4) 37... h4 {
[%eval 126,0]} 38. Ne2 {[%eval 121,0]} Be7 $6 {[%eval 195,0] Inaccuracy. f6
was best.} (38... f6) 39. a5 {[%eval 199,0]} Ra8 $6 {[%eval 313,0] Inaccuracy.
Kd6 was best.} (39... Kd6 40. a6) 40. Nd4 {[%eval 296,0]} Bf6 {[%eval 366,0]}
41. Nc6 {[%eval 343,0]} Kd6 {[%eval 335,0]} 42. Kg4 {[%eval 335,0]} Ra6 {
[%eval 341,0]} 43. Rb8 {[%eval 272,0]} Kc5 {[%eval 264,0]} 44. f5 $4 {[%eval 5,
0] Blunder. Rc8 was best.} (44. Rc8) 44... Bc3 {[%eval 61,0]} 45. Rd8 {[%eval
62,0]} f6 $4 {[%eval 334,0] Blunder. Bxa5 was best.} (45... Bxa5 46. Nxa5 Rxa5
47. Kxh4 Kd4 48. Kg5 Ke5 49. d6 cxd6 50. Re8+ Kd4 51. Kf6 Ra3 52. h4) 46. Kxh4
{[%eval 315,0]} Bxa5 {[%eval 348,0]} 47. Nxa5 {[%eval 303,0]} Rxa5 {[%eval 334,
0]} 48. Rd7 $4 {[%eval 4,0] Blunder. Kh5 was best.} (48. Kh5 Kd4 49. h4 Rxd5
50. Rxd5+ Kxd5 51. Kg6 c5 52. h5 c4 53. h6 c3 54. h7 c2) 48... c6 {[%eval 6,0]}
49. d6 {[%eval 15,0]} Kd4 $4 {[%eval 385,0] Blunder. Ra3 was best.} (49... Ra3)
50. Kg4 $4 {[%eval 0,0] Blunder. Re7 was best.} (50. Re7) 50... Ke5 {[%eval 0,
0]} 51. Re7+ {[%eval 0,0]} Kxd6 {[%eval 0,0]} 52. Re6+ {[%eval 0,0]} Kd7 {
[%eval 0,0]} 53. h4 {[%eval 0,0]} Ra1 {[%eval 0,0]} 54. Kh5 {[%eval 0,0]} Rg1 {
[%eval 0,0]} 55. Rxf6 {[%eval 0,0]} Ke7 {[%eval 0,0]} 56. Rxc6 {[%eval 0,0]}
Kf7 {[%eval 0,0]} 57. Rg6 {[%eval 0,0]} Rf1 {[%eval 0,0]} 58. Kg5 {[%eval 0,0]}
Rg1+ {[%eval 0,0]} 59. Kh6 {[%eval 0,0]} Rf1 {[%eval 0,0]} 60. Rg5 {[%eval 0,0]
} Kf6 {[%eval 0,0]} 61. h5 {[%eval 0,0]} Rh1 {[%eval 0,0]} 1/2-1/2

[Event "37th Reykjavik op"]
[Site "Reykjavik ISL"]
[Date "2024.03.21"]
[Round "9.19"]
[White "Xu, Yuanyuan"]
[Black "Stefansson, Vignir Vatnar"]
[WhiteElo "2288"]
[BlackElo "2464"]
[Result "1/2-1/2"]
[EventDate "2024.03.15"]
[PlyCount "90"]

1. d4 {[%eval 17,0]} Nf6 {[%eval 16,0]} 2. c4 {[%eval 16,0]} c5 $6 {[%eval 93,
0] Inaccuracy. e6 was best.} (2... e6 3. Nf3 d5 4. Nc3 Bb4 5. cxd5 exd5 6. Bg5
h6 7. Bh4) 3. d5 {[%eval 65,0]} g6 {[%eval 85,0]} 4. Nc3 {[%eval 74,0]} Bg7 {
[%eval 83,0]} 5. e4 {[%eval 9,0]} d6 {[%eval 85,0]} 6. h3 {[%eval 48,0]} O-O {
[%eval 84,0]} 7. Nf3 {[%eval 81,0]} e6 {[%eval 96,0]} 8. Be3 {[%eval 69,0]}
exd5 {[%eval 65,0]} 9. cxd5 {[%eval 77,0]} b6 {[%eval 82,0]} 10. Nd2 {[%eval
53,0]} Ba6 {[%eval 75,0]} 11. Bxa6 {[%eval 81,0]} Nxa6 {[%eval 87,0]} 12. O-O {
[%eval 78,0]} Nc7 {[%eval 76,0]} 13. a4 {[%eval 82,0]} Re8 {[%eval 124,0]} 14.
Qe2 $2 {[%eval 1,0] Mistake. Bg5 was best.} (14. Bg5) 14... a6 {[%eval 54,0]}
15. Qd3 {[%eval 35,0]} Qe7 {[%eval 64,0]} 16. Bf4 {[%eval 8,0]} Rad8 {[%eval
101,0]} 17. Rfe1 {[%eval 101,0]} Nh5 {[%eval 99,0]} 18. Bh2 {[%eval 97,0]} Be5
{[%eval 101,0]} 19. g3 $6 {[%eval 44,0] Inaccuracy. Bxe5 was best.} (19. Bxe5
Qxe5 20. Nf3 Qg7 21. Rad1 Nf4 22. Qd2 Qf6 23. Nh2 h5 24. g3 Nxh3+ 25. Kg2 Ng5)
19... b5 {[%eval 51,0]} 20. axb5 {[%eval 49,0]} axb5 {[%eval 49,0]} 21. Ra7 {
[%eval 49,0]} Rd7 {[%eval 53,0]} 22. Nf3 {[%eval 51,0]} c4 {[%eval 6,0]} 23.
Qd1 {[%eval 15,0]} b4 {[%eval 39,0]} 24. Nxe5 {[%eval 16,0]} dxe5 {[%eval 19,0]
} 25. Rxc7 {[%eval 8,0]} bxc3 {[%eval 18,0]} 26. Rxd7 {[%eval 0,0]} Qxd7 {
[%eval 5,0]} 27. bxc3 {[%eval 1,0]} Qxh3 {[%eval 3,0]} 28. Qe2 {[%eval 1,0]}
Nf6 {[%eval 0,0]} 29. f3 {[%eval 0,0]} Rb8 {[%eval 0,0]} 30. g4 {[%eval 0,0]}
Nd7 {[%eval 0,0]} 31. Qf1 {[%eval 13,0]} Qxf1+ {[%eval 24,0]} 32. Rxf1 {
[%eval 0,0]} Rb3 {[%eval 0,0]} 33. Ra1 {[%eval 3,0]} Kf8 {[%eval 0,0]} 34. Ra7
{[%eval 3,0]} Ke8 {[%eval 25,0]} 35. d6 {[%eval 0,0]} f6 {[%eval 0,0]} 36. g5 {
[%eval 0,0]} fxg5 {[%eval 0,0]} 37. Bxe5 {[%eval 0,0]} Nxe5 {[%eval 0,0]} 38.
Re7+ {[%eval 0,0]} Kd8 {[%eval 0,0]} 39. Rxe5 {[%eval 11,0]} Rxc3 {[%eval 0,0]}
40. Rc5 {[%eval 0,0]} Rxf3 {[%eval 0,0]} 41. Rxc4 {[%eval 0,0]} g4 {[%eval 0,0]
} 42. Rc7 {[%eval 0,0]} h5 {[%eval 0,0]} 43. e5 {[%eval 0,0]} Re3 {[%eval 0,0]}
44. Re7 {[%eval 0,0]} g3 {[%eval 0,0]} 45. e6 {[%eval 0,0]} h4 {[%eval 0,0]}
1/2-1/2

[Event "37th Reykjavik op"]
[Site "Reykjavik ISL"]
[Date "2024.03.21"]
[Round "9.20"]
[White "Unzicker, Ferdinand, Dr."]
[Black "Hjartarson, Johann"]
[WhiteElo "2284"]
[BlackElo "2460"]
[Result "0-1"]
[EventDate "2024.03.15"]
[PlyCount "62"]

1. c4 {[%eval 16,0]} e5 {[%eval 25,0]} 2. Nc3 {[%eval 8,0]} Nf6 {[%eval 7,0]}
3. g3 {[%eval 0,0]} d5 {[%eval 17,0]} 4. cxd5 {[%eval 18,0]} Nxd5 {[%eval 23,0]
} 5. Bg2 {[%eval 16,0]} Nb6 {[%eval 23,0]} 6. Nf3 {[%eval 24,0]} Nc6 {[%eval 9,
0]} 7. O-O {[%eval 2,0]} Be7 {[%eval 9,0]} 8. d3 {[%eval 17,0]} O-O {[%eval 21,
0]} 9. Be3 {[%eval 18,0]} Bg4 {[%eval 29,0]} 10. a3 {[%eval 31,0]} Re8 {
[%eval 35,0]} 11. Rc1 {[%eval 18,0]} Bf8 {[%eval 34,0]} 12. h3 {[%eval 26,0]}
Bh5 {[%eval 5,0]} 13. Na4 $4 {[%eval -73,0] Blunder. Nh4 was best.} (13. Nh4)
13... e4 {[%eval -86,0]} 14. Nd2 $2 {[%eval -163,0] Mistake. Ne1 was best.} (
14. Ne1) 14... exd3 {[%eval -155,0]} 15. g4 $6 {[%eval -252,0] Inaccuracy. Nc3
was best.} (15. Nc3 Bc5 16. g4 Bxe3 17. fxe3 Bg6 18. Rf2 Rxe3 19. Nf1 Re7 20.
exd3 Bxd3 21. Rd2 Rd7) 15... dxe2 $2 {[%eval -52,0] Mistake. Nxa4 was best.} (
15... Nxa4 16. Qxa4 dxe2 17. Rfe1 Rxe3 18. Ne4 Rxe4 19. Qxe4 Bg6 20. Qxe2 Bd6
21. Rcd1 h6 22. f4) 16. Qxe2 {[%eval -52,0]} Nd4 $6 {[%eval 71,0] Inaccuracy.
Bg6 was best.} (16... Bg6 17. Nxb6 axb6 18. Rfd1 Qf6 19. Qb5 h6 20. Nb1 Ra5 21.
Qe2 Qe5 22. Nc3 Bd6 23. Kf1) 17. Qd1 {[%eval 77,0]} Nxa4 {[%eval 72,0]} 18.
gxh5 $2 {[%eval -196,0] Mistake. Nc4 was best.} (18. Nc4) 18... Nxb2 {[%eval
-173,0]} 19. Qg4 {[%eval -198,0]} c5 {[%eval -192,0]} 20. Bxd4 {[%eval -146,0]}
Qxd4 {[%eval -171,0]} (20... Qd5) 21. Qxd4 {[%eval -159,0]} cxd4 {[%eval -167,
0]} 22. Rc7 {[%eval -144,0]} Re7 {[%eval -147,0]} 23. Rfc1 {[%eval -162,0]}
Rae8 {[%eval -158,0]} 24. Bxb7 {[%eval -125,0]} Nd3 {[%eval -104,0]} 25. Rxe7 {
[%eval -123,0]} Rxe7 {[%eval -119,0]} 26. Rb1 {[%eval -191,0]} Nf4 {[%eval
-129,0]} 27. Nf3 {[%eval -268,0]} d3 {[%eval -269,0]} 28. Ba6 {[%eval -258,0]}
Nxh3+ {[%eval -297,0]} 29. Kg2 {[%eval -265,0]} Nf4+ {[%eval -253,0]} 30. Kg3 {
[%eval -387,0]} Nxh5+ {[%eval -381,0]} 31. Kh4 {[%eval -338,0]} Re4+ {[%eval
-396,0]} 0-1

[Event "37th Reykjavik op"]
[Site "Reykjavik ISL"]
[Date "2024.03.21"]
[Round "9.21"]
[White "Bisby, Daniel"]
[Black "Seemann, Jakub"]
[WhiteElo "2273"]
[BlackElo "2451"]
[Result "0-1"]
[EventDate "2024.03.15"]
[PlyCount "48"]

1. e4 {[%eval 13,0]} c6 {[%eval 24,0]} 2. d4 {[%eval 28,0]} d5 {[%eval 31,0]}
3. e5 {[%eval 19,0]} Bf5 {[%eval 38,0]} 4. h4 {[%eval 16,0]} h5 {[%eval 14,0]}
5. Bd3 {[%eval 16,0]} Bxd3 {[%eval 17,0]} 6. Qxd3 {[%eval 14,0]} Qa5+ {[%eval
26,0]} 7. Nd2 {[%eval 2,0]} e6 {[%eval 37,0]} 8. Ngf3 {[%eval 34,0]} Nh6 {
[%eval 4,0]} 9. O-O {[%eval 33,0]} Nf5 {[%eval 34,0]} 10. b3 {[%eval 3,0]} Be7
{[%eval 13,0]} 11. g3 {[%eval 3,0]} O-O {[%eval 26,0]} 12. c4 {[%eval 31,0]}
Rd8 {[%eval 26,0]} 13. Bb2 {[%eval 34,0]} c5 {[%eval 31,0]} 14. dxc5 {[%eval
28,0]} Bxc5 {[%eval 18,0]} 15. Kg2 {[%eval 36,0]} Nc6 {[%eval 44,0]} 16. Qe2 {
[%eval 47,0]} Bd4 {[%eval 43,0]} 17. Rab1 $6 {[%eval -68,0] Inaccuracy. Rfb1
was best.} (17. Rfb1 b6 18. Ng5 g6 19. Ndf3 dxc4 20. bxc4 Qa4 21. Rc1 Bxb2 22.
Qxb2 Ncd4 23. Nxd4 Nxd4) 17... Qxa2 {[%eval -64,0]} 18. Nxd4 {[%eval -73,0]}
Ncxd4 {[%eval -56,0]} 19. Qxh5 $6 {[%eval -192,0] Inaccuracy. Bxd4 was best.} (
19. Bxd4 Nxd4 20. Qe3 Nf5 21. Qg5 dxc4 22. Nxc4 Rd5 23. Rb2 Qa6 24. Qxh5 b5 25.
Nd2 Rxe5) 19... Nxb3 {[%eval -197,0]} 20. Nf3 $6 {[%eval -127,0] Inaccuracy.
Nxb3 was best.} (20. Nxb3 Qxb3) 20... dxc4 {[%eval -146,0]} 21. g4 {[%eval
-108,0]} Nh6 {[%eval -115,0]} 22. g5 {[%eval -116,0]} Nf5 {[%eval -115,0]} 23.
g6 {[%eval -192,0]} fxg6 {[%eval -109,0]} 24. Qxg6 {[%eval -116,0]} Qa6 {
[%eval -132,0]} 0-1

[Event "37th Reykjavik op"]
[Site "Reykjavik ISL"]
[Date "2024.03.21"]
[Round "9.22"]
[White "Pourkashiyan, Atousa"]
[Black "Nevednichy, Vladislav"]
[WhiteElo "2270"]
[BlackElo "2445"]
[Result "0-1"]
[EventDate "2024.03.15"]
[PlyCount "110"]

1. e4 {[%eval 13,0]} c5 {[%eval 33,0]} 2. Nf3 {[%eval 22,0]} d6 {[%eval 0,0]}
3. d4 {[%eval 18,0]} cxd4 {[%eval 13,0]} 4. Nxd4 {[%eval 27,0]} Nf6 {[%eval 3,
0]} 5. Nc3 {[%eval 21,0]} Bd7 {[%eval 55,0]} 6. Bg5 {[%eval 59,0]} e6 {[%eval
54,0]} 7. Qd2 {[%eval 28,0]} a6 {[%eval 58,0]} 8. O-O-O {[%eval 26,0]} h6 {
[%eval 28,0]} 9. Bxf6 {[%eval 15,0]} Qxf6 {[%eval 5,0]} 10. f4 {[%eval 23,0]}
Nc6 {[%eval 6,0]} 11. Nb3 {[%eval 2,0]} Qd8 {[%eval 7,0]} 12. h4 {[%eval 12,0]}
b5 {[%eval 14,0]} 13. g4 {[%eval 17,0]} b4 {[%eval 13,0]} 14. Ne2 {[%eval 24,0]
} a5 {[%eval 35,0]} 15. Kb1 {[%eval 21,0]} Qb6 {[%eval 28,0]} 16. Rh3 {[%eval
23,0]} a4 {[%eval 39,0]} 17. Nbd4 {[%eval 26,0]} Be7 {[%eval 12,0]} 18. g5 {
[%eval 39,0]} a3 {[%eval 16,0]} 19. b3 {[%eval 52,0]} Rc8 {[%eval 61,0]} 20.
Rg3 {[%eval 77,0]} hxg5 {[%eval 63,0]} 21. hxg5 {[%eval 72,0]} g6 {[%eval 67,0]
} 22. Rh3 {[%eval 87,0]} Rxh3 {[%eval 88,0]} 23. Bxh3 {[%eval -94,0]} Qc5 {
[%eval 78,0]} 24. Bg4 {[%eval 99,0]} Bf8 {[%eval 59,0]} 25. e5 $2 {[%eval -183,
0] Mistake. Nf3 was best.} (25. Nf3 Na7 26. Ne5 Nb5 27. Nd3 Nc3+ 28. Qxc3 Qxc3
29. Nxc3 Rxc3 30. Kc1 Bg7 31. Rh1 Bc6) 25... Nxd4 {[%eval -168,0]} 26. Nxd4 {
[%eval -185,0]} Qc3 {[%eval -173,0]} 27. Qxc3 {[%eval -174,0]} Rxc3 {[%eval
-163,0]} 28. exd6 {[%eval -198,0]} Bxd6 $6 {[%eval -72,0] Inaccuracy. Rg3 was
best.} (28... Rg3 29. Be2 Bxd6 30. Nf5 gxf5 31. Rxd6 Ke7 32. Rd4 Rg1+ 33. Rd1
Rg2 34. Bd3 Bc6 35. Kc1) 29. Ne2 {[%eval -67,0]} Rc6 {[%eval -63,0]} 30. Bf3 {
[%eval -72,0]} Rb6 {[%eval -65,0]} 31. c4 {[%eval -62,0]} bxc3 {[%eval -63,0]}
32. Kc2 {[%eval -95,0]} Ke7 {[%eval -64,0]} 33. Rd4 {[%eval -22,0]} e5 {
[%eval -55,0]} 34. Rc4 {[%eval -1,0]} Bf5+ $6 {[%eval -75,0] Inaccuracy. exf4
was best.} (34... exf4) 35. Be4 {[%eval -29,0]} Be6 {[%eval -34,0]} 36. Ra4 {
[%eval -94,0]} exf4 {[%eval -25,0]} 37. Nxc3 {[%eval -26,0]} Rb8 {[%eval -92,0]
} 38. Ra7+ $6 {[%eval -128,0] Inaccuracy. Kd3 was best.} (38. Kd3) 38... Kf8 {
[%eval -129,0]} 39. Nd5 {[%eval -296,0]} Rc8+ {[%eval -282,0]} 40. Kd3 {
[%eval -104,0]} Rd8 {[%eval -276,0]} 41. Kc4 {[%eval -300,0]} Be7 {[%eval -296,
0]} 42. b4 {[%eval -206,0]} Bxb4 {[%eval -384,0]} 43. Kxb4 {[%eval -355,0]}
Bxd5 {[%eval -382,0]} 44. Bxd5 $6 {[%eval -472,0] Inaccuracy. Bd3 was best.} (
44. Bd3 Bxa2 45. Kc3 Be6 46. Rxa3 Rd5 47. Ra4 f3 48. Rf4 Rxg5 49. Rxf3 Kg7 50.
Kd4 Rd5+) 44... Rxd5 {[%eval -304,0]} 45. Rxa3 {[%eval -495,0]} Rxg5 {[%eval
-314,0]} 46. Rf3 {[%eval -303,0]} Rf5 {[%eval -313,0]} 47. a4 {[%eval -425,0]}
Ke7 {[%eval -491,0]} 48. a5 {[%eval -322,0]} Kd6 {[%eval -493,0]} 49. Rc3 {
[%eval -597,0]} f3 {[%eval -522,0]} 50. a6 {[%eval -638,0]} f2 {[%eval -646,0]}
51. a7 $2 {[%eval -32749,0] Checkmate is now unavoidable. Rd3+ was best.} (51.
Rd3+ Kc7 52. Rc3+ Kb6 53. Rc1 f1=Q 54. Rxf1 Rxf1 55. Kc3 Kxa6 56. Kd2 g5 57.
Ke2 Rf4) 51... Rf4+ {[%eval -32739,0]} 52. Kb3 {[%eval -32749,0]} f1=Q {
[%eval -32753,0]} 53. Rc6+ {[%eval -32753,0]} Kd7 {[%eval -32755,0]} 54. a8=Q {
[%eval -32755,0]} Qb5+ {[%eval -32755,0]} 55. Ka3 {[%eval -32759,0]} Qb4+ {
[%eval -32761,0]} 0-1